<?xml version='1.0' encoding='UTF-8'?>
  <record xmlns="http://www.loc.gov/MARC21/slim">
    <leader>00000cem a22000007i 4500</leader>
    <controlfield tag="001">ocn902713518</controlfield>
    <controlfield tag="003">OCoLC</controlfield>
    <controlfield tag="005">20240325202859.9</controlfield>
    <controlfield tag="007">aj cauun</controlfield>
    <controlfield tag="008">150202s1838    gw        a     0   ger d</controlfield>
    <datafield tag="040" ind1=" " ind2=" ">
      <subfield code="a">NLGGC</subfield>
      <subfield code="b">dut</subfield>
      <subfield code="e">fobidrtb</subfield>
      <subfield code="c">NLGGC</subfield>
      <subfield code="d">QGJ</subfield>
      <subfield code="d">OCLCO</subfield>
      <subfield code="d">OCLCL</subfield>
      <subfield code="d">OCLCF</subfield>
    </datafield>
    <datafield tag="035" ind1=" " ind2=" ">
      <subfield code="a">(OCoLC)902713518</subfield>
    </datafield>
    <datafield tag="100" ind1="1" ind2=" ">
      <subfield code="a">Stieler, Adolf,</subfield>
      <subfield code="c">kartograaf en jurist,</subfield>
      <subfield code="d">1775-1836.</subfield>
      <subfield code="4">ctg</subfield>
    </datafield>
    <datafield tag="245" ind1="1" ind2="0">
      <subfield code="a">Deutschland, Königr. der Niederlande, Kgr. Belgien und die Schweiz, nebst Theilen der angränzenden Länder, nach Adolf Stieler's Entwurf im Jahr 1836 :</subfield>
      <subfield code="b">besonders zum Reisegebrauch eingerichtet, mit Bezeichnung der Strassen, Eilwagen- und Extrapost-Routen /</subfield>
      <subfield code="c">unter Mitwirkung des Geh. -Hof- u. Finanzraths und Ober-Post-Commissairs F.M. Dietz ; gemeinschaftlich gezeichnet von F. v. Stülpnagel, Königl. Preuss. Hauptmann a.D. und J.C. Bär.</subfield>
    </datafield>
    <datafield tag="246" ind1="1" ind2="4">
      <subfield code="a">Carte routière de L'Allemagne, des Pays-Bas, de La Belgique, de la Suisse et des pays limotrophes :</subfield>
      <subfield code="b">jusqu'a Oxford, Portsmouth, Havre, Tours, Lyon, Gènes, Bologne, Pesth, Varsovie, Koenigsberg, Odense etc.</subfield>
    </datafield>
    <datafield tag="246" ind1="1" ind2="4">
      <subfield code="a">Deutschland, Königr. der Niederlande, Königr. Belgien und die Schweiz, nebst Theilen der angränzenden Länder bis Oxford, Portsmouth, Havre, Tours, Lyon, Genua, Bologna, Pesth, Warschau, Königsberg, Odense etc.</subfield>
    </datafield>
    <datafield tag="255" ind1=" " ind2=" ">
      <subfield code="a">Schaal [ca. 1:1.500.000].</subfield>
    </datafield>
    <datafield tag="260" ind1=" " ind2=" ">
      <subfield code="a">Gotha :</subfield>
      <subfield code="b">bei Justus Perthes,</subfield>
      <subfield code="c">1838.</subfield>
    </datafield>
    <datafield tag="300" ind1=" " ind2=" ">
      <subfield code="a">1 kaart ;</subfield>
      <subfield code="c">in segmenten op linnen geplakt, in kleur ; 86 x 107 cm, gev. in foedraal met form. 22 x 14 cm</subfield>
    </datafield>
    <datafield tag="336" ind1=" " ind2=" ">
      <subfield code="a">cartografische afbeelding</subfield>
      <subfield code="b">cri</subfield>
      <subfield code="2">rdacontent/dut</subfield>
    </datafield>
    <datafield tag="337" ind1=" " ind2=" ">
      <subfield code="a">zonder medium</subfield>
      <subfield code="b">n</subfield>
      <subfield code="2">rdamedia/dut</subfield>
    </datafield>
    <datafield tag="338" ind1=" " ind2=" ">
      <subfield code="a">vel</subfield>
      <subfield code="b">nb</subfield>
      <subfield code="2">rdacarrier/dut</subfield>
    </datafield>
    <datafield tag="500" ind1=" " ind2=" ">
      <subfield code="a">Titel op omslag foedraal: Carte routière de L'Allemagne, des Pays-Bas, de La Belgique, de la Suisse et des pays limotrophes ; jusqu'a Oxford, Portsmouth, Havre, Tours, Lyon, Gènes, Bologne, Pesth, Varsovie, Koenigsberg, Odense etc. = Deutschland, Königr. der Niederlande, Königr. Belgien und die Schweiz, nebst Theilen der angränzenden Länder bis Oxford, Portsmouth, Havre, Tours, Lyon, Genua, Bologna, Pesth, Warschau, Königsberg, Odense etc.</subfield>
    </datafield>
    <datafield tag="500" ind1=" " ind2=" ">
      <subfield code="a">Inzet: Die Hauptverbindungsstrassen durch Europa zu Lande u. zu Wasser, schaal [ca. 1:20.000.000], 16 x 20 cm.</subfield>
    </datafield>
    <datafield tag="500" ind1=" " ind2=" ">
      <subfield code="a">2 legenda's: [1]. Farben-Erklärung für Deutschland. -- [2]. Zeichenerklärung = Explication des Signes.</subfield>
    </datafield>
    <datafield tag="546" ind1=" " ind2=" ">
      <subfield code="a">Titel in het Duits; titel op foedraal en legenda in het Duits en Frans.</subfield>
    </datafield>
    <datafield tag="650" ind1=" " ind2="0">
      <subfield code="a">Post roads.</subfield>
    </datafield>
    <datafield tag="651" ind1=" " ind2="0">
      <subfield code="a">Europe</subfield>
      <subfield code="v">Maps.</subfield>
    </datafield>
    <datafield tag="650" ind1=" " ind2="6">
      <subfield code="a">Routes des postes.</subfield>
    </datafield>
    <datafield tag="650" ind1=" " ind2="7">
      <subfield code="a">post roads.</subfield>
      <subfield code="2">aat</subfield>
    </datafield>
    <datafield tag="650" ind1=" " ind2="7">
      <subfield code="a">Post roads.</subfield>
      <subfield code="2">fast</subfield>
      <subfield code="0">(OCoLC)fst01072722</subfield>
    </datafield>
    <datafield tag="651" ind1=" " ind2="7">
      <subfield code="a">Europe.</subfield>
      <subfield code="2">fast</subfield>
      <subfield code="0">(OCoLC)fst01245064</subfield>
    </datafield>
    <datafield tag="655" ind1=" " ind2="7">
      <subfield code="a">Maps.</subfield>
      <subfield code="2">fast</subfield>
      <subfield code="0">(OCoLC)fst01423704</subfield>
    </datafield>
    <datafield tag="655" ind1=" " ind2="7">
      <subfield code="a">Road maps.</subfield>
      <subfield code="2">fast</subfield>
      <subfield code="0">(OCoLC)fst01752673</subfield>
    </datafield>
    <datafield tag="655" ind1=" " ind2="7">
      <subfield code="a">Road maps.</subfield>
      <subfield code="2">lcgft</subfield>
    </datafield>
    <datafield tag="655" ind1=" " ind2="7">
      <subfield code="a">Cartes routières.</subfield>
      <subfield code="2">rvmgf</subfield>
    </datafield>
    <datafield tag="700" ind1="1" ind2=" ">
      <subfield code="a">Stülpnagel, Friedrich von,</subfield>
      <subfield code="d">1786-1865.</subfield>
      <subfield code="4">ctg</subfield>
    </datafield>
    <datafield tag="700" ind1="1" ind2=" ">
      <subfield code="a">Bär, J.C.</subfield>
      <subfield code="4">ctg</subfield>
    </datafield>
    <datafield tag="700" ind1="1" ind2=" ">
      <subfield code="a">Perthes, Justus,</subfield>
      <subfield code="d">1747-1816.</subfield>
      <subfield code="4">pbl</subfield>
      <subfield code="4">bsl</subfield>
    </datafield>
    <datafield tag="758" ind1=" " ind2=" ">
      <subfield code="a">Deutschland, Königr. der Niederlande, Kgr. Belgien und die Schweiz, nebst Theilen der angränzenden Länder, nach Adolf Stieler's Entwurf im Jahr 1836 (CartographicMaterial)</subfield>
      <subfield code="1">https://id.oclc.org/worldcat/entity/E39PCYx9FjcxXhwmVGrCx8BmJP</subfield>
      <subfield code="4">https://id.oclc.org/worldcat/ontology/hasWork</subfield>
    </datafield>
  </record>